AT HOME : (Record no. 194353)

MARC details
000 -LEADER
fixed length control field 01214nam a2200265 i 4500
003 - CONTROL NUMBER IDENTIFIER
control field OSt
005 - DATE AND TIME OF LATEST TRANSACTION
control field 20240104102813.0
008 - FIXED-LENGTH DATA ELEMENTS--GENERAL INFORMATION
fixed length control field 240104s2021 enkao e 001 0 eng d
020 ## - INTERNATIONAL STANDARD BOOK NUMBER
International Standard Book Number 9781783254873
Terms of availability RM120.00
Qualifying information hardback
040 ## - CATALOGING SOURCE
Original cataloging agency PPAK
Language of cataloging eng
Transcribing agency PPAK
Description conventions rda
082 04 - DEWEY DECIMAL CLASSIFICATION NUMBER
Edition number 23
Classification number 641.5
090 00 - LOCALLY ASSIGNED LC-TYPE CALL NUMBER (OCLC); LOCAL CALL NUMBER (RLIN)
Classification number (OCLC) (R) ; Classification number, CALL (RLIN) (NR) 641.5
Feature heading GAL
Feature heading R
100 1# - MAIN ENTRY--PERSONAL NAME
Personal name Galetti, Monica,
Relator term author.
245 10 - TITLE STATEMENT
Title AT HOME :
Remainder of title My favourite recipes for family & friends /
Statement of responsibility, etc. MONICA GALETTI
264 #1 - PRODUCTION, PUBLICATION, DISTRIBUTION, MANUFACTURE, AND COPYRIGHT NOTICE
Place of production, publication, distribution, manufacture London :
Name of producer, publisher, distributor, manufacturer Octopus Publishing, London,
Date of production, publication, distribution, manufacture, or copyright notice 2021
300 ## - PHYSICAL DESCRIPTION
Extent 191 pages :
Other physical details colour photographs ;
Dimensions 24 cm
336 ## - CONTENT TYPE
Content type term text
Source rdacontent
337 ## - MEDIA TYPE
Media type term unmediated
Source rdamedia
338 ## - CARRIER TYPE
Carrier type term volume
Source rdacarrier
500 ## - GENERAL NOTE
Linkage Includes index
520 ## - SUMMARY, ETC.
Summary, etc. Monica Galetti's career has taken her from her home in Samoa and New Zealand to the professional kitchens of London. Her new cookbook, At Home, showcases the easy, everyday dishes she enjoys at home, with family and friends, using simple ingredients that everyone will enjoy. From breakfast time and midweek suppers to celebrations, gatherings and the perfect Sunday lunch, At Home is a celebration of great home cooking.
650 10 - SUBJECT ADDED ENTRY--TOPICAL TERM
Topical term or geographic name entry element Cooking
655 #7 - INDEX TERM--GENRE/FORM
Genre/form data or focus term Cookbooks
942 ## - ADDED ENTRY ELEMENTS (KOHA)
Source of classification or shelving scheme Dewey Decimal Classification
Koha item type Book
Holdings
Withdrawn Not for loan Current library Shelving location Date acquired Total Checkouts Full call number Barcode Date last seen Koha item type
  Not For Loan Perpustakaan Alor Setar Rujukan Dewasa 28/01/2024   R 641.5 GAL A01810569 28/01/2024 Book
  Not For Loan Perpustakaan Awam Sungai Petani Rujukan Dewasa 28/01/2024   R 641.5 GAL A01810570 28/01/2024 Book